The call of the wild / (Record no. 8796)
[ view plain ]
| 000 -LEADER | |
|---|---|
| fixed length control field | 01270nam a22002897a 4500 |
| 001 - CONTROL NUMBER | |
| control field | 8796 |
| 003 - CONTROL NUMBER IDENTIFIER | |
| control field | FISKH |
| 005 - DATE AND TIME OF LATEST TRANSACTION | |
| control field | 20251021111032.0 |
| 008 - FIXED-LENGTH DATA ELEMENTS--GENERAL INFORMATION | |
| fixed length control field | 251021b cb ||||| |||| 00| 0 eng d |
| 020 ## - INTERNATIONAL STANDARD BOOK NUMBER | |
| International Standard Book Number | 9780194791106 |
| 040 ## - CATALOGING SOURCE | |
| Original cataloging agency | FISKH |
| Language of cataloging | eng |
| Transcribing agency | FISKH |
| Modifying agency | FISKH |
| 050 ## - LIBRARY OF CONGRESS CALL NUMBER | |
| Classification number | PE1122.B85 C35 |
| 082 ## - DEWEY DECIMAL CLASSIFICATION NUMBER | |
| Classification number | 428.6 |
| 100 ## - MAIN ENTRY--PERSONAL NAME | |
| Personal name | London, Jack |
| 245 ## - TITLE STATEMENT | |
| Title | The call of the wild / |
| Statement of responsibility, etc. | Retold by Jack London and Nick Bullard ; Illustrated b Paul Fisher Johnson |
| 260 ## - PUBLICATION, DISTRIBUTION, ETC. | |
| Place of publication, distribution, etc. | Oxford : |
| Name of publisher, distributor, etc. | Oxford University Press , |
| Date of publication, distribution, etc. | 2008. |
| 300 ## - PHYSICAL DESCRIPTION | |
| Extent | 72 pages : |
| Other physical details | illustrations ; |
| Dimensions | 20 cm . |
| 490 ## - SERIES STATEMENT | |
| Series statement | Oxford Bookworms |
| 505 ## - FORMATTED CONTENTS NOTE | |
| Formatted contents note | Z <br/> |
| 520 ## - SUMMARY, ETC. | |
| Summary, etc. | When men find gold in the frozen North of Canada, they need dogs - big, strong dogs to pull the sledges on the long journeys to and from the gold mines. Buck is stolen from his home in the South and sold as a sledge-dog. He has to learn a new way of life - how to work in harness, how to stay alive in the ice and the snow and how to fight. Because when a dog falls down in a fight, he never gets up again. |
| 521 8# - TARGET AUDIENCE NOTE | |
| Target audience note | 1120 <br/> |
| Source | Lexile estimate <br/> |
| 521 8# - TARGET AUDIENCE NOTE | |
| Target audience note | Z <br/> |
| Source | RAz-Plus <br/> |
| 650 ## - SUBJECT ADDED ENTRY--TOPICAL TERM | |
| Topical term or geographic name entry element | Dog sledding |
| Form subdivision | Chapter Book - Classics |
| 700 ## - ADDED ENTRY--PERSONAL NAME | |
| Personal name | Johnson, Paul Fisher |
| Relator term | Illustrator |
| 942 ## - ADDED ENTRY ELEMENTS (KOHA) | |
| Source of classification or shelving scheme | Dewey Decimal Classification |
| Koha item type | Books |
| Suppress in OPAC | No |
| Withdrawn status | Lost status | Source of classification or shelving scheme | Damaged status | Not for loan | Home library | Current library | Shelving location | Date acquired | Total Checkouts | Full call number | Barcode | Date last seen | Price effective from | Koha item type |
|---|---|---|---|---|---|---|---|---|---|---|---|---|---|---|
| Dewey Decimal Classification | Footprints International School Library Network Toul Tom Poung Campus | Footprints International School Library Network Toul Tom Poung Campus | TTP Secondary Fiction Bookshelves | 10/21/2025 | LON 428.6 PE1122.B85 C35 | FIS00320 | 10/21/2025 | 10/21/2025 | Books |
